| 000 | 00330nam a22001217a 4500 | ||
|---|---|---|---|
| 082 |
_a940.54 _bGRA |
||
| 245 | _aA Recordof the war the sixth quarter | ||
| 260 |
_aLondon & Melbourne _bHutcbinson _c1941 |
||
| 300 |
_aviii, 356, P _bill, _c35cm |
||
| 526 |
_a0 _b0 _c0 _d940_540000000000000_GRA |
||
| 650 |
_aMCE _9379 |
||
| 942 |
_2ddc _cBK |
||
| 999 |
_c552808 _d552808 |
||